000 01203nam a2200229Ia 4500
001 L253-47323
003 IT-CnALBA
008 170116s9999||||xx |||||||||||||| ||und||
040 _aIT-CnALBA
_cIT-CnALBA
041 _aITALIANO
100 _aISAIA FRANCESCO CIRO
245 0 _aDON SALVATORE VITALE. CHI MI AMA MI SEGUE. PARROCO DI CASA PESENNA. FONDATORE DELLA PICCOLA CASETTA DI NAZARETH.
250 _a1a ed.
260 _a BOLOGNA - NAPOLI
_bDEHONIANE EDIZIONI
_c1984 [1° Ed.:1984 - Ed.Ling.Originale: 1984]
300 _a321 p.
500 _aDON SALVATORE VITALE. INFANZIA. SEMINARISTA. SACERDOTE. PARROCO. APOSTOLO. LOTTE. DATE MEMORABILI. EDUCAZIONE. FEDELTÀ AL PAPA. LA PICCOLA CASETTA. CARITÀ. NUOVE PROVE. RITORNO DI DON BOSCO. IMMOLAZIONE. APPENDICE.
501 _aSocietà San Paolo EM - Piazza San Paolo, 14 - 12051 ALBA (CN) (non commercial uses only) ® Copyright 2017
520 _aDON SALVATORE VITALE. INFANZIA. SEMINARISTA. SACERDOTE. PARROCO. APOSTOLO. LOTTE. DATE MEMORABILI. EDUCAZIONE. FEDELTÀ AL PAPA. LA PICCOLA CASETTA. CARITÀ. NUOVE PROVE. RITORNO DI DON BOSCO. IMMOLAZIONE. APPENDICE.
650 _aMODELLI DI VITA
942 _cBK
957 _71
999 _a53583
_bNO
_g Copie: 1
_c306256
_d306256